Capitals and Largest Cities of Countries - Statistics

General Stats
  • This quiz has been taken 226 times
  • The average score is 38 of 44
Answer Stats
Hint Answer % Correct
China Beijing
99%
Brazil Brasilia
99%
Italy Milan
99%
Canada Ottawa
99%
Italy Rome
99%
Australia Sydney
99%
United States Washington D.C
99%
Australia Canberra
98%
India New Delhi
98%
United States New York
98%
Canada Toronto
98%
New Zealand Wellington
97%
Turkey Ankara
96%
Switzerland Bern
96%
Turkey Istanbul
96%
Pakistan Islamabad
95%
Brazil Sao Paulo
95%
UAE Dubai
94%
Vietnam Hanoi
93%
United Arab Emirates Abu Dhabi
92%
Ecuador Quito
92%
China Shanghai
92%
Switzerland Zurich
91%
Morocco Rabat
90%
New Zealand Auckland
89%
Nigeria Lagos
89%
Vietnam Ho Chi Minh City
88%
Kazakhstan Astana
87%
Morocco Casablanca
86%
Nigeria Abuja
84%
India Delhi
83%
Pakistan Karachi
82%
Belize Belmopan
77%
Tanzania Dar es Salaam
77%
Cameroon Yaounde
74%
Tanzania Dodoma
72%
Myanmar Naypyidaw
67%
Myanmar Yangon
67%
Kazakhstan Almaty
65%
Belize Belize City
63%
Cote D'ivoire Yamoussoukro
61%
Cote D'ivoire Abidjan
60%
Ecuador Guayaquil
51%
Cameroon Douala
43%
No matching quizzes found
Score Distribution
Percent of People with Each Score
Percentile by Number Answered
Your Score History
You have not taken this quiz